01009cam a22003135i 450000100090000000300090000900500170001800800410003501000170007602000180009303500230011103500220013404000230015604200080017908200290018710000300021624500860024625000160033226400410034830000250038933600260041433700280044033800270046849000110049550400490050660000300055563000370058565500730062219985218IT-MiSPE20181123144721.0160926e201701 it b 000 0 ita  a 2017438323 a9788869447839 a(casoclc)978668144 a(ItFiC)cas3158691 aDLCbengcDLCerda apcc a227.06-CAS ne pa (23091)1 aCasalini, Nello,eautore.10aPaolo di Tarso e la sua scuola :bcommento a tutti gli scritti /cNello Casalini. aI edizione. 1aRoma :bCastelvecchi,cgennaio 2017. a1128 pages ;c21 cm. atextbtxt2rdacontent aunmediatedbn2rdamedia avolumebnc2rdacarrier0 aLe boe ainclude referenze bibliografiche (p. 37-39). aPaulus Apostolus,csanto. aBiblia. N.T.tEpistolae s. Pauli aSacra Scrittura. Studi sul Nuovo TestamentoxPaolo: studi e teologia